Najwyższe zwycięstwa reprezentacji Polski (piłka nożna) - Statystyki

Ogólne statystyki
  • Ten quiz został rozwiązany 1 889 razy
  • Średni wynik to 4 z 11
Statystyki odpowiedzi
Data: Wynik: Reprezentacja: % Poprawnych
26.03.2005 r. 10:0 San Marino
98%
07.09.2015 r. 8:1 Gibraltar
54%
07.09.2014 r. 7:0 Gibraltar
54%
19.06.1974 r. 7:0 Haiti
38%
20.04.1969 r. 8:1 Luksemburg
34%
24.10.1965 r 7:0 Finlandia
27%
04.09.1963 r. 9:0 Norwegia
27%
26.03.2005 r. 8:0 Azerbejdżan
21%
26.03.1975 r. 7:0 Stany Zjednoczone
17%
06.07.1975 r. 8:1 Kanada
16%
24.04.1968 r. 8:0 Turcja
16%
Nie znaleziono quizów pasujących do podanych kryteriów
Rozkład punktacji
Procent ludzi z każdym wynikiem
Percentyl według liczby udzielonych odpowiedzi
Twoja historia wyników
Nie rozwiązałeś tego quizu